| 000 | 005500000a22001810004500 | ||
|---|---|---|---|
| 003 | MACL | ||
| 005 | 20160324140424.0 | ||
| 008 | 160324b xxu||||| |||| 00| 0 eng d | ||
| 040 |
_aMACL _cMACL |
||
| 041 | _aHindi | ||
| 082 | _a100 | ||
| 100 |
_aनीरदवरण _948285 |
||
| 245 | _aश्रीअरविन्द के साथ बारह साल | ||
| 260 |
_bश्रीअरविन्द आश्रम _c1991 _aपांडिचेरी |
||
| 350 | _a40 | ||
| 650 |
_aPhilosophy _948286 |
||
| 942 |
_cHIN _k100 _2ddc |
||
| 999 |
_c20150 _d20150 |
||